[Event "Moscow op-E"]
[Site "Moscow"]
[Date "2011.01.30"]
[Round "2.165"]
[White "Terekhov, Konstantin"]
[Black "Rusinov, Mikhail"]
[Result "1-0"]
[WhiteElo "2223"]
[BlackElo "1895"]
[PlyCount "47"]
[EventDate "2011.01.29"]
[EventType "swiss"]
[EventRounds "9"]
[EventCountry "RUS"]
[SourceTitle "EXT 2022"]
[Source "ChessBase"]
[SourceDate "2021.10.06"]
[SourceVersion "1"]
[SourceVersionDate "2021.10.06"]
[SourceQuality "1"]

1. d4 Nf6 2. c4 e6 3. Nc3 Bb4 4. Qc2 0-0 5. Bg5 c6 6. e4 Be7 7. e5 Ne8 8. h4 d6 9. Bd3 f5 10. exf6 Nxf6 11. Nf3 Nbd7 12. 0-0-0 c5 13. Ne4 cxd4 14. Nxf6+ Bxf6 15. Bxh7+ Kh8 16. Nxd4 Ne5 17. Nb5 Bd7 18. Nxd6 Qc7 19. f4 Ng4 20. Qg6 Be8 21. Nxe8 Raxe8 22. Qh5 Nh6 23. Bd3 Qb6 24. Rd2 1-0

[Event "Moscow op-B"]
[Site "Moscow"]
[Date "2009.11.20"]
[Round "1"]
[White "Rusinov, Mikhail"]
[Black "Uraev, Ivan"]
[Result "0-1"]
[WhiteElo "1911"]
[BlackElo "2194"]
[PlyCount "106"]
[EventDate "2009.01.31"]
[EventType "swiss"]
[EventRounds "9"]
[EventCountry "RUS"]
[SourceTitle "EXT 2012"]
[Source "ChessBase"]
[SourceDate "2011.11.24"]
[SourceVersion "1"]
[SourceVersionDate "2011.11.24"]
[SourceQuality "1"]

1. e4 c5 2. Nf3 e6 3. c3 Nc6 4. Bd3 d5 5. 0-0 Nf6 6. e5 Nd7 7. Re1 Qc7 8. Qe2 Be7 9. Bc2 b6 10. d4 cxd4 11. cxd4 Nb4 12. Nc3 Ba6 13. Qd1 Nxc2 14. Qxc2 0-0 15. Ng5 Bxg5 16. Bxg5 Rfe8 17. Rac1 b5 18. Qd1 Qa5 19. b3 Rac8 20. Qd2 b4 21. Ne2 Bxe2 22. Qxe2 Rc3 23. Rxc3 bxc3 24. Rc1 Nb6 25. Qc2 h6 26. Be3 Rc8 27. f3 Qb4 28. Bf2 a5 29. Rd1 a4 30. Be1 axb3 31. axb3 Nd7 32. Rd3 Qb6 33. Kf1 Rb8 34. Qxc3 Qa6 35. Kf2 Rc8 36. Qd2 Qa7 37. Kg3 f6 38. f4 Qa1 39. Rc3 Rb8 40. b4 Qb1 41. Qc1 Qg6+ 42. Kf2 Nb6 43. Rg3 Qf7 44. Kg1 Rc8 45. Qd1 Rc4 46. Qd2 Rc7 47. Qd3 Rc1 48. Qd2 Ra1 49. Qc3 Rb1 50. h3 Nc4 51. Kh2 fxe5 52. Bd2 Rd1 53. Rd3 Rxd2 0-1

[Event "Moscow op-B"]
[Site "Moscow"]
[Date "2009.02.05"]
[Round "6"]
[White "Anfinogenov, Artem"]
[Black "Rusinov, Mikhail"]
[Result "1-0"]
[WhiteElo "2068"]
[BlackElo "1911"]
[PlyCount "58"]
[EventDate "2009.01.31"]
[EventType "swiss"]
[EventRounds "9"]
[EventCountry "RUS"]
[SourceTitle "EXT 2012"]
[Source "ChessBase"]
[SourceDate "2011.11.24"]
[SourceVersion "1"]
[SourceVersionDate "2011.11.24"]
[SourceQuality "1"]

1. d4 d6 2. c4 Nf6 3. Nc3 g6 4. e4 Bg7 5. f4 0-0 6. Nf3 Bg4 7. Be2 Nbd7 8. e5 Ne8 9. h3 Bxf3 10. Bxf3 dxe5 11. dxe5 c6 12. Be3 Nc7 13. Ne4 Nb6 14. Qb3 Ne6 15. Rd1 Qc7 16. Bg4 Nd8 17. Nc5 h5 18. Bf3 Ne6 19. Nxe6 fxe6 20. h4 Bh6 21. Qc2 Kh7 22. Bxh5 Rg8 23. Bxg6+ Kh8 24. Bf7 Rg3 25. Rh3 Rg7 26. Bxe6 Rf8 27. Qe4 Na4 28. g4 Nxb2 29. Rd2 Qa5 1-0

[Event "Moscow op-B"]
[Site "Moscow"]
[Date "2009.02.04"]
[Round "5"]
[White "Rusinov, Mikhail"]
[Black "Mikhaylov, Alexander D"]
[Result "1-0"]
[WhiteElo "1911"]
[BlackElo "1400"]
[PlyCount "43"]
[EventDate "2009.01.31"]
[EventType "swiss"]
[EventRounds "9"]
[EventCountry "RUS"]
[SourceTitle "EXT 2012"]
[Source "ChessBase"]
[SourceDate "2011.11.24"]
[SourceVersion "1"]
[SourceVersionDate "2011.11.24"]
[SourceQuality "1"]

1. e4 e5 2. Nf3 Nc6 3. Bb5 Bc5 4. c3 Nf6 5. 0-0 0-0 6. d4 Bb6 7. Bg5 Qe7 8. Bxc6 bxc6 9. dxe5 Qc5 10. exf6 Ba6 11. Be3 Qb5 12. fxg7 Rfe8 13. Nbd2 Qxb2 14. Qc1 Qb5 15. Bxb6 cxb6 16. c4 Qh5 17. Qc3 Re6 18. Rfe1 Rg6 19. Nf1 Qg4 20. Ng3 h5 21. Ne5 Qg5 22. Nxg6 1-0

[Event "Moscow op-B"]
[Site "Moscow"]
[Date "2009.02.01"]
[Round "3"]
[White "Rusinov, Mikhail"]
[Black "Kanatzhanov, Nurzhan"]
[Result "1-0"]
[WhiteElo "1911"]
[BlackElo "1400"]
[PlyCount "65"]
[EventDate "2009.01.31"]
[EventType "swiss"]
[EventRounds "9"]
[EventCountry "RUS"]
[SourceTitle "EXT 2012"]
[Source "ChessBase"]
[SourceDate "2011.11.24"]
[SourceVersion "1"]
[SourceVersionDate "2011.11.24"]
[SourceQuality "1"]

1. e4 c5 2. Nf3 e6 3. c3 d5 4. Bd3 c4 5. Bc2 Be7 6. 0-0 Nf6 7. e5 Nfd7 8. Re1 0-0 9. d4 Re8 10. Nbd2 Nf8 11. b3 b5 12. bxc4 bxc4 13. Nxc4 dxc4 14. Be4 Qc7 15. Bxa8 Bb7 16. Bxb7 Qxb7 17. Bg5 Nbd7 18. Rb1 Qd5 19. Bxe7 Rxe7 20. a4 a6 21. Nd2 Ng6 22. Qf3 Qa5 23. Nxc4 Qxa4 24. Nd6 Qa5 25. Ra1 Qc7 26. Rxa6 Nb6 27. Rb1 Nd7 28. Rb7 Qd8 29. Rba7 Ngf8 30. Ra8 Qc7 31. Rc8 Nxe5 32. dxe5 Qd7 33. Raa8 1-0

[Event "Moscow op-B"]
[Site "Moscow"]
[Date "2009.02.01"]
[Round "2"]
[White "Shapfiullin, Ildar"]
[Black "Rusinov, Mikhail"]
[Result "1-0"]
[WhiteElo "2175"]
[BlackElo "1911"]
[PlyCount "41"]
[EventDate "2009.01.31"]
[EventType "swiss"]
[EventRounds "9"]
[EventCountry "RUS"]
[SourceTitle "EXT 2012"]
[Source "ChessBase"]
[SourceDate "2011.11.24"]
[SourceVersion "1"]
[SourceVersionDate "2011.11.24"]
[SourceQuality "1"]

1. d4 d6 2. Nf3 Nf6 3. Bg5 e6 4. Nbd2 Be7 5. e4 Nc6 6. c3 0-0 7. Bd3 b6 8. 0-0 Bb7 9. Qe2 Nd7 10. Bf4 e5 11. Bg3 exd4 12. Nxd4 Nxd4 13. cxd4 Bf6 14. Nb3 Re8 15. f4 c5 16. dxc5 Nxc5 17. Nxc5 Bd4+ 18. Kh1 dxc5 19. Rae1 Bxe4 20. Bxe4 f5 21. Qc4+ 1-0

[Event "Moscow op-B 04th"]
[Site "Moscow"]
[Date "2008.02.07"]
[Round "6"]
[White "Denisov, Ivan"]
[Black "Rusinov, Mikhail"]
[Result "1-0"]
[WhiteElo "2113"]
[BlackElo "1895"]
[PlyCount "49"]
[EventDate "2008.02.02"]
[EventType "swiss"]
[EventRounds "9"]
[EventCountry "RUS"]
[SourceTitle "CBM 122 Extra"]
[Source "ChessBase"]
[SourceDate "2008.03.04"]
[SourceVersion "1"]
[SourceVersionDate "2008.03.04"]
[SourceQuality "1"]

1. e4 d6 2. d4 Nf6 3. Bd3 g6 4. Nc3 Bg7 5. Nge2 0-0 6. f3 c6 7. Be3 b5 8. Qd2 Re8 9. g4 a5 10. h4 Na6 11. h5 Nb4 12. Ng3 Nxd3+ 13. cxd3 b4 14. Na4 e5 15. dxe5 Rxe5 16. hxg6 hxg6 17. Qh2 Rb5 18. Ne2 c5 19. Nf4 Bd7 20. g5 Nh5 21. Nxh5 gxh5 22. Qxh5 Rb7 23. Nxc5 Qb6 24. Qh7+ Kf8 25. Nxd7+ 1-0